| 000 | 00676nam a2200169 a 4500 | ||
|---|---|---|---|
| 001 | 000035379 | ||
| 005 | 20200930074310.0 | ||
| 008 | 111031s1974 ag 000 0 spa d | ||
| 040 |
_aDO-SdBNP _bspa _cBNPHU |
||
| 082 |
_axxx _bR724p |
||
| 100 | 1 |
_aRoher, C. R. _961193 |
|
| 245 | 1 | 3 |
_aEl proceso de convertirse en persona : _bMi técnica terapéutica / _cC. R. Rogers. |
| 260 |
_aBuenos Aires : _bPaidos, _c1974. |
||
| 300 |
_a356 p. : _bBiblioteca de psiquiatría, psicolpatología y psicosomatica _v48 _b23 cm. |
||
| 590 | _aPerteneció a la biblioteca personal de Juan Isidro Jimenes Grullón | ||
| 700 | 1 |
_aBiblioteca de psiquiatría, psicolpatología y psicosomatica _b23 _961194 |
|
| 999 |
_c34870 _d34870 |
||